Plánovanie v obchodných domoch a možnosti jeho zdokonaľovania záverečná práca postgraduálneho štúdia

Guardado en:
Detalles Bibliográficos
Autor principal: Janvars, Dušan
Autor Corporativo: Vysoká škola ekonomická v Bratislave
Otros Autores: Harna, Štefan
Formato: Libro
Lenguaje:eslovaco
Publicado: Bratislava 1987
Etiquetas: Agregar Etiqueta
Sin Etiquetas, Sea el primero en etiquetar este registro!

MARC

LEADER 00000nam a2200000 4500
001 c023578
005 20221219094924.4
041 0 |a slo 
044 |a SK 
245 1 0 |a Plánovanie v obchodných domoch a možnosti jeho zdokonaľovania  |b záverečná práca postgraduálneho štúdia  |c Dušan Janvars ; Ved. práce Štefan Harna 
264 1 |a Bratislava  |c 1987 
300 |a 46 s. 
100 1 |a Janvars, Dušan 
700 1 |a Harna, Štefan 
710 2 |a Vysoká škola ekonomická v Bratislave